Wakfu- Évangelyne - Statistiques

Statistiques générales
  • Ce quiz a été pris 92 fois
    90 depuis la dernière actualisation
  • Le résultat moyen est 19 sur 29
Statistiques - réponses
Questions Réponses % Correct
Dans qu’elle série apparaît-il? Wakfu
99%
Quel est le nom du personnage? Évangelyne
97%
Quel est son âge au début de la série? 17 ans
96%
Quel est le surnom du personnage? Éva
96%
Quelle est sa classe (son « espèce ») Crâ
93%
Mari Sir Tristepin de Percedal
92%
Sadida Amalia
87%
Énutrophe Ruel
87%
Eliatrope Yugo
87%
Ses amis Dragon Adamaï
85%
Arme Arc
81%
Fils ainé Flopin
79%
Sa famille Soeur Cléophée
77%
Fille Elely
76%
Chevalier Iop Tristepin
76%
Ennemi Saison 1 Noximilien
73%
Saison 3 Oropo
71%
Saison 2 Qilby
64%
Adamaï
51%
Son travail Garde du corps de la Princesse Amélia de Sheran Sharm
48%
Aptitudes Tir à l’arc
44%
Fils cadet Tristegnon
39%
Épisode Spéciaux Dame Écho
37%
Ogrest
35%
Ush
33%
Comte Harbourg
31%
Quel est son âge lors de la saison 3 (actuellement la dernière)? 25 ans
24%
Réfléchie
1%
Sang-froid
1%
Aucun quiz correspondant
Distribution des résultats
% des personnes avec chaque résultat
Percentile par nombre de réponses
Votre historique - résultats
Vous n’avez pas pris ce quiz depuis la dernière actualisation